书目信息 |
| 题名: |
遗传学实验
|
|
| 作者: | 梁彦生 编 | |
| 分册: | ||
| 出版信息: | 北京 北京师范大学出版社 1989.6 |
|
| 页数: | 111页 | |
| 开本: | 26cm | |
| 丛书名: | ||
| 单 册: | ||
| 中图分类: | Q3-3 | |
| 科图分类: | ||
| 主题词: | 遗传学--实验--高等学校--教材 | |
| 电子资源: | ||
| ISBN: | 7-303-00420-3 | |
| 000 | 00670nam 2200229 45 | |
| 001 | 0190008244 | |
| 005 | 20060418165142.51 | |
| 010 | @a7-303-00420-3@dCNY1.70 | |
| 100 | @a19901211d1989 em y0chiy0121 ea | |
| 101 | 0 | @achi |
| 102 | @aCN@b110000 | |
| 105 | @ak z 000yy | |
| 200 | 10 | @a遗传学实验@AYI CHUAN XUE SHI YAN@f梁彦生等编@FLIANG YAN SHENG DENG BIAN |
| 210 | @a北京@c北京师范大学出版社@d1989.6 | |
| 215 | @a111页@d26cm | |
| 300 | @a高等学校教学用书 | |
| 540 | 1 | @a遗传学 实验@AYI CHUAN XUE SHI YAN |
| 606 | @a遗传学@x实验@x高等学校@x教材 | |
| 690 | @aQ3-3@v3 | |
| 701 | 0 | @a梁彦生@ALIANG YAN SHENG@4编 |
| 801 | 0 | @aCN@bNLC@c20060418 |
| 905 | @dQ3-3@e30 | |
| 遗传学实验/梁彦生等编.-北京:北京师范大学出版社,1989.6 |
| 111页;26cm |
| 高等学校教学用书 |
| ISBN 7-303-00420-3:CNY1.70 |
| ● |
| 相关链接 |
|
|
|
|
正题名:遗传学实验
索取号:Q3-3/30
 
预约/预借
| 序号 | 登录号 | 条形码 | 馆藏地/架位号 | 状态 | 备注 |
| 1 | 0238314 | 000077008 | 第三借阅区/ [索取号:Q3-3/30] | 在馆 | |
| 2 | 0238315 | 202272673 | 密集书库/ [索取号:Q3-3/30] | 在馆 | |
| 3 | 0238316 | 202272744 | 密集书库/ [索取号:Q3-3/30] | 在馆 | |
| 4 | 0238317 | 001947451 | 第三借阅区/ [索取号:Q3-3/30] | 在馆 | |
| 5 | 0238318 | 000077017 | 第二样本阅览室/ [索取号:Q3-3/30] | 在馆 |